000 02234cam a22004574i 4500
003 PE-LiUPU
005 20250731173130.0
008 150623s r 000 0 d
020 _a0802817939
035 _a(Sirsi) i9780802817938
040 _aPE-LiUPU
_bspa
_cPE-LiUPU
_erda
049 _aPRUA
082 0 4 _a241
_bT47
_221
100 1 _aThielicke, Helmut,
_d1908-,
_eautor.
245 1 0 _aTheological ethics.
_n3 /
_cHelmut Thielicke.
264 1 _aGrand Rapids, Michigan :
_bWilliam B. Eerdmans Publishing Company,
_c1979.
300 _a338 páginas ;
_c21 centímetros
336 _atext
_2rdacontent
337 _aunmediated
_2rdamedia
338 _avolume
_2rdacarrier
504 _aIncluye bibliografía.
505 0 _aEros and agape. Theological phenomenology of the human sex relationship: The problem: the interconnection of bios and person in the realm of eros. the libido, animal and human. the realization of the sex nature.- The order of marriage: the biblical interpretation of marriage. The sacramental and the "worldly" interpretations of marriage, controversial theological considerations. The changed position of woman in the family and in society (the problem of the equality of the sexes). Divorce and the remarriage of divorced persons.- Borderline situations: Birth control (the problem of optional sterility). Interruption of pregnancy (the problem of artificial abortion). Atificial insemination. The problem of homosexuality.- Conclusion: Historical changes in our understanding of eros.
526 _aSEG42
526 _aSEG41
526 _aSEG40
526 _aSEG39
526 _aP94
526 _aP87
526 _aP86
526 _aP85
526 _aP77
526 _aP76
526 _aP35
650 1 4 _aEtica cristiana.
_91047
942 _2ddc
_cBOOK
949 _a241 T47 3
_wDEWEY
_c1
_i51595
_lCCODEBUL1
_mBUL
_p11.00
_r0
_sY
_tBOOK
_u2015-6-24
_xTEOLOGIA
_PP35
_0COMPRA
_o.STAFF. Colección General
994 _aC0
_bPEPRU
596 _a1
999 _a241 T47 3
_wDEWEY
_c33326
_i51595
_f2021-11-10
_g5
_lCCODEBUL1
_mBUL
_p11.00
_r0
_sY
_tBOOK
_u2015-6-24
_xTEOLOGIA
_PP35
_0COMPRA
_o.STAFF. Colección General
_d33326
980 _81
_gALBERTO SANCHEZ Responsable de Automatización